000 00785nam a22001817a 4500
003 UA-OsUOA
001 16215
007 ta
008 20031223b un ||||| |||| 00| 0 ukr d
100 _aСтепанюк М.
942 _cSA
040 _aUA-OsUOA
_cUA-OsUOA
_dUA-OsUOA
245 _aСтародавні підземелля для іноземних туристів: [Тур. агенція "Олександра" спільно з рівнен. облдержадмін. та рівнен. міськвідділом освіти розпочала акцію "Пізнаймо Рівненщину"]
300 _aС.5
955 _a0
773 0 _w0
_tПанорама
_dРівне
_d2003
_g№42/ 17 жовт./
650 7 _aКраєзнавча робота
_2UDC
999 _c302380
_d302380